Loading...
Ente jeevithavum chinthayum
| Main Author: | |
|---|---|
| Format: | Printed Book |
| Language: | Malayalam |
| Published: |
Thrissur :
The Mangalodayam Pvt Ltd ,
1957.
|
| LEADER | 00523cam a2200181ua 4500 | ||
|---|---|---|---|
| 020 | |c 1.50 | ||
| 041 | |a mal | ||
| 082 | |a 926.1 |b SCH/EN | ||
| 100 | |a Schweitzer, Albert . | ||
| 245 | |a Ente jeevithavum chinthayum | ||
| 260 | |a Thrissur : |b The Mangalodayam Pvt Ltd , |c 1957. | ||
| 300 | |a 191 ; . | ||
| 365 | |a 1.50 | ||
| 504 | |||
| 541 | |e 839 |h 1.50 | ||
| 942 | |c BK | ||
| 999 | |c 32611 |d 32611 | ||
| 952 | |0 0 |1 0 |4 0 |6 926_100000000000000 |7 0 |9 42938 |a KAUAET |b KAUAET |d 2012-04-07 |m 0 |o 926.1 |p KAU_KCAET-839 |r 2012-04-07 |w 2012-04-07 |y BK | ||